[Event "Idaho Open"]
[Site "Twin Falls, ID"]
[Date "2006.08.26"]
[Round "2.2"]
[White "Flynn, Patrick M"]
[Black "Fucsko, Janos"]
[Result "1/2-1/2"]
[WhiteElo "1836"]
[BlackElo "1665"]

1. e4 e5 2. f4 Nf6 3. fxe5 Nxe4 4. Nf3 Ng5 5. d4 Nxf3+ 6. Qxf3 Qh4+ 7. Qf2
Qxf2+ 8. Kxf2 d6 9. Bf4 dxe5 10. Bxe5 c6 11. Bc4 f6 12. Bg3 Bf5 13. Re1+ Kd7
14. c3 Bd6 15. Nd2 Bxg3+ 16. Kxg3 b5 17. Bb3 Na6 18. Nf3 Rhe8 19. a4 b4 20.
Bc4 bxc3 21. bxc3 Nc7 22. Nd2 Rxe1 23. Rxe1 Rb8 24. Nb3 Kd6 25. Nc5 Rb2 26.
Re2 Rb1 27. h3 h6 28. Kf2 Rc1 29. Nb7+ Kd7 {#d} 1/2-1/2

[Event "Idaho Open"]
[Site "Twin Falls, ID"]
[Date "2006.08.26"]
[Round "3.2"]
[White "Fucsko, Janos"]
[Black "Buckendorf Jr., Glen"]
[Result "1-0"]
[WhiteElo "1665"]
[BlackElo "1800"]

1. Nf3 d5 2. e4 dxe4 3. Ng5 Nf6 4. Nc3 Bf5 5. Bc4 e6 6. f3 Qd4 7. Qe2 exf3 8.
Nxf3 Qb6 9. d4 Bb4 10. O-O O-O 11. Nd1 Nc6 12. c3 Bd6 13. Ne3 Bg6 14. b4 Rfe8
15. a4 a5 16. b5 Ne7 17. Kh1 Ned5 18. Qb2 Ne4 19. Bxd5 exd5 20. Nxd5 Qa7 21.
Nh4 Qb8 22. Nf4 Qd8 23. g3 Qd7 24. Rf3 Ng5 25. Re3 Be4+ 26. Nfg2 Re7 27. Kg1
Rae8 28. Qe2 Nh3+ 29. Kh1 f5 30. Qc4+ Kh8 31. Re2 g5 32. Rxe4 Rxe4 33. Nf3 g4
34. Bg5 gxf3 35. Bf6+ Qg7 36. Bxg7+ Kxg7 37. Qf1 fxg2+ 38. Kxg2 Ng5 39. Ra2
Kg6 40. h4 Nf7 41. Rf2 Nh6 42. h5+ Kg7 43. Rf3 Re2+ 44. Kh3 Rf8 45. Qxe2 Kf7
46. Qc2 Kf6 47. c4 {(And the game continued on a few moves, neither player
recording the game at this point, Black being in extreme time pressure,
eventually losing on time).} {#r} 1-0

[Event "Idaho Open"]
[Site "Twin Falls, ID"]
[Date "2006.08.27"]
[Round "4.2"]
[White "Fucsko, Janos"]
[Black "Eacker, Barry D"]
[Result "1/2-1/2"]
[WhiteElo "1665"]
[BlackElo "1649"]

1. Nf3 d5 2. c4 e6 3. b3 Nf6 4. g3 Bd7 5. Bb2 Be7 6. Bg2 Bc6 7. O-O Nbd7 8. d4
Ne4 9. Nbd2 Ndf6 10. Ne5 O-O 11. Nxc6 bxc6 12. Nxe4 Nxe4 13. Bxe4 dxe4 14. e3
Rb8 15. f3 exf3 16. Qxf3 Bf6 17. Qxc6 Rb6 18. Qe4 Re8 19. Rad1 Rd6 20. Qc2 Rd7
21. b4 g6 22. a4 Bg7 23. Qe2 Qb8 24. b5 Rc8 25. d5 Bxb2 26. Qxb2 Qb6 27. Qc3
exd5 28. cxd5 Re8 29. Rf3 Rde7 30. Kf2 a6 31. Rb1 Re5 32. Qb3 R8e7 33. bxa6
Qxa6 34. Rd1 Re4 35. Qb8+ Kg7 36. d6 cxd6 37. Rxd6 Qxa4 38. Qb2+ Kg8 39. Rd8+
Re8 40. Rd4 Qc6 41. Qb3 R4e7 42. h4 Qe6 43. Qxe6 {#d} 1/2-1/2

[Event "Idaho Open"]
[Site "Twin Falls, ID"]
[Date "2006.08.27"]
[Round "5.2"]
[White "Zumbrunnen, Randy D"]
[Black "Fucsko, Janos"]
[Result "1/2-1/2"]
[WhiteElo "2000"]
[BlackElo "1665"]

1. e4 e5 2. Nf3 Nf6 3. d4 exd4 4. e5 Nd5 5. Qxd4 Nb6 6. Bf4 Nc6 7. Qe4 Be7 8.
a3 d5 9. exd6 cxd6 10. Bb5 d5 11. Qe2 Bg4 12. c3 O-O 13. O-O Bf6 14. Nbd2 Re8
15. Qd1 Bf5 16. Nb3 a6 17. Bd3 Bxd3 18. Qxd3 Re4 19. Bg3 Nc4 20. Qc2 Qb6 21.
Nbd2 Nxd2 22. Nxd2 Re7 23. b4 Rd7 24. Nb3 d4 25. Nc5 Rd5 26. c4 Rxc5 27. bxc5
Qxc5 28. Qd3 g6 29. Rab1 Na5 30. Rb4 Rc8 31. f4 Nxc4 32. f5 Ne3 33. fxg6 Nxf1
34. gxf7+ Kg7 35. Kxf1 b5 36. Bf4 Qd5 37. Qh3 Rh8 38. a4 Kxf7 39. axb5 axb5
40. Qd3 Rg8 41. Bg3 Rg5 42. Qxh7+ {#d} 1/2-1/2

[Event "WIO (Open)"]
[Site "Boise, ID"]
[Date "2006.12.09"]
[Round "1.3"]
[White "Stark, Jim"]
[Black "Fucsko, Janos"]
[Result "0-1"]
[WhiteElo "1450"]
[BlackElo "1778"]

1. d4 Nf6 2. c4 e5 3. dxe5 Ng4 4. Bf4 Bb4+ 5. Nd2 d6 6. exd6 Qf6 7. Bg3 Qxb2
8. Ngf3 Nc6 9. e3 Bf5 10. Qc1 Ba3 11. Qxb2 Bxb2 12. Rd1 Bc2 13. dxc7 Bxd1 14.
Nd4 Ba4 15. Be2 Nf6 16. O-O Bxd4 17. exd4 Nxd4 18. Bd3 O-O 19. Be5 Ne6 20.
Bxf6 gxf6 21. Be4 Bc6 22. Bxc6 bxc6 23. Ne4 f5 24. Nd6 Nxc7 25. Nxf5 Rfe8 26.
g3 Re5 27. Nd6 Rd8 28. Nb7 Rd2 {#R} 0-1

[Event "WIO (Open)"]
[Site "Boise, ID"]
[Date "2006.12.09"]
[Round "2.3"]
[White "Fucsko, Janos"]
[Black "Gilton, Terry L"]
[Result "1-0"]
[WhiteElo "1778"]
[BlackElo "1626"]

1. Nf3 d5 2. e4 c6 3. d4 Bg4 4. e5 e6 5. Be2 Bxf3 6. Bxf3 Nd7 7. O-O Qc7 8.
Re1 O-O-O 9. a4 g6 10. c3 Bh6 11. b4 Bxc1 12. Qxc1 Nb6 13. Nd2 Ne7 14. a5 Nc4
15. Nxc4 dxc4 16. Be2 Nd5 17. Bxc4 h5 18. h4 Rdg8 19. f4 a6 20. Qd2 Kb8 21.
Rac1 Ne7 22. g3 Nf5 23. Kh2 Qd8 24. Qf2 Nh6 25. Be2 Qe7 26. Bf3 Rd8 27. Qb2
Nf5 28. Kh3 Rc8 29. Rb1 Rhd8 30. Red1 Rc7 31. Rd3 Rdd7 32. Rbd1 Rd8 33. c4 Qe8
34. d5 cxd5 35. cxd5 exd5 36. Rxd5 Rxd5 37. Rxd5 Qe7 38. b5 axb5 39. Rxb5 Ka7
40. Qf2+ Ka8 41. a6 Qd7 42. Bxb7+ Rxb7 43. Rxb7 {#r} 1-0

[Event "WIO (Open)"]
[Site "Boise, ID"]
[Date "2006.12.09"]
[Round "3.1"]
[White "Roland, Jeffrey T"]
[Black "Fucsko, Janos"]
[Result "1/2-1/2"]
[WhiteElo "1706"]
[BlackElo "1778"]

1. e4 e5 2. Nf3 Nf6 3. d4 Nxe4 4. Bd3 d5 5. dxe5 Nc5 6. Be2 Be7 7. Be3 Ne6 8.
O-O c6 9. c4 dxc4 10. Bxc4 b5 11. Bd3 Qc7 12. Qc2 h6 13. Rc1 Bb7 14. Bxb5 O-O
15. Bd3 Nd7 16. Qc3 a5 17. a3 c5 18. Be2 Rac8 19. Nbd2 a4 20. Bb5 {#d} 1/2-1/2

[Event "WIO (Open)"]
[Site "Boise, ID"]
[Date "2006.12.10"]
[Round "4.1"]
[White "Fucsko, Janos"]
[Black "Barkell, Kenrick Cameron"]
[Result "0-1"]
[WhiteElo "1778"]
[BlackElo "1735"]

1. Nf3 c5 2. c4 g6 3. e3 d6 4. d4 cxd4 5. exd4 Bg7 6. h3 Bf5 7. Bd3 Bxd3 8.
Qxd3 Qb6 9. Nc3 Nf6 10. O-O O-O 11. Rb1 a5 12. Re1 Re8 13. d5 Nbd7 14. Nb5 Nc5
15. Qc2 Nxd5 16. a3 a4 17. Qd1 Nc7 18. Nbd4 e5 19. Nc2 e4 20. Nfd4 Nd3 21. Be3
Nxe1 22. Qxe1 Qa6 23. Qb4 Rab8 24. Nb5 Nxb5 25. cxb5 Qa8 26. Qxd6 Rbd8 27. Qb4
Rd5 28. Qc4 Qd8 29. Qe2 Bf8 30. b3 axb3 31. Rxb3 Rd3 32. Rb2 Bxa3 33. Nxa3
Rxa3 34. b6 Qd6 35. g3 Ra1+ 36. Kg2 Qd3 37. Qg4 Qf1+ {#R} 0-1

[Event "WIO (Open)"]
[Site "Boise, ID"]
[Date "2006.12.10"]
[Round "5.2"]
[White "Jiang, Adam Z"]
[Black "Fucsko, Janos"]
[Result "0-1"]
[WhiteElo "1469"]
[BlackElo "1778"]

1. e4 c5 2. Nf3 Nc6 3. d4 cxd4 4. Nxd4 Nf6 5. Nc3 e5 6. Nf3 Bb4 7. Bd3 Bxc3+
8. bxc3 O-O 9. O-O d6 10. Bg5 h6 11. Bh4 Bg4 12. h3 Bxf3 13. Qxf3 g5 14. Bg3
Kg7 15. Rab1 b6 16. Ba6 Qc7 17. h4 g4 18. Qd3 Ne7 19. f3 Qc6 20. Rfd1 Rad8 21.
Bb5 Qb7 22. Qe2 Nh5 23. Bh2 g3 24. Qf1 Ng6 25. a4 Qc7 26. Rb3 Qc5+ 27. Kh1 Qe3
28. Qe1 Qf4 29. Bxg3 Nxg3+ 30. Kg1 Qxh4 31. Bf1 Nf4 32. c4 f5 33. exf5 Rxf5
34. Qe3 Qh1+ 35. Kf2 Nxf1 36. Rxf1 Qxg2+ 37. Ke1 Qg3+ 38. Kd1 Rg5 39. Qf2 Qxf2
40. Rxf2 d5 41. cxd5 Rxd5+ 42. Kc1 Rg1+ 43. Kb2 Re1 44. Rc3 Rc5 45. Rxc5 bxc5
46. Rd2 a5 47. Rd7+ Kf6 48. Ra7 Re3 49. Rxa5 Ne6 50. Rb5 Rxf3 51. a5 Kg5 52.
Rb6 Nd4 53. a6 Rf7 54. c3 Rf2+ 55. Kb1 Rf8 56. cxd4 cxd4 57. a7 Ra8 58. Re6
Kf5 59. Rxh6 Rxa7 60. Kc2 Ra3 61. Rh8 Ke4 62. Rh4+ Kd5 63. Kb2 Rg3 64. Kc2 e4
65. Rh5+ Kc4 66. Rh8 Rg2+ 67. Kd1 Kd3 68. Rh3+ e3 69. Rh1 Ra2 {#R} 0-1

[Event "ICA January Quads #1"]
[Site "Boise, ID"]
[Date "2007.01.03"]
[Round "1.1"]
[White "Fucsko, Janos"]
[Black "Vellotti, Daniel J"]
[Result "1-0"]
[WhiteElo "1778"]
[BlackElo "1755"]

1. Nf3 d5 2. e4 dxe4 3. Ng5 e5 4. Nxe4 Nf6 5. Nbc3 Be7 6. Bc4 Nc6 7. Nxf6+
Bxf6 8. d3 Nd4 9. Be3 O-O 10. Qd2 Nf5 11. Ne4 Be7 12. O-O-O Nxe3 13. fxe3 Bf5
14. Ng3 Bg6 15. Kb1 Kh8 16. Rhf1 f5 17. Be6 f4 18. exf4 exf4 19. Rxf4 Re8 20.
Rg4 Ba3 21. Bb3 Bd6 22. Rh1 Bxg3 23. Rxg6 Bf4 24. Qxf4 hxg6 25. Qg3 {#r} 1-0

[Event "ICA January Quads #1"]
[Site "Boise, ID"]
[Date "2007.01.21"]
[Round "2.1"]
[White "Fucsko, Janos"]
[Black "Roland, Jeffrey T"]
[Result "0-1"]
[WhiteElo "1778"]
[BlackElo "1706"]

1. Nf3 Nf6 2. c4 g6 3. Nc3 d5 4. d4 Bg7 5. e3 O-O 6. cxd5 Nxd5 7. Bc4 Nb6 8.
Bb3 Bg4 9. h3 Bc8 10. O-O e6 11. a4 a5 12. Ne4 N8d7 13. Qc2 Nf6 14. Ng3 Nbd5
15. Bd2 c6 16. e4 Nb4 17. Bxb4 axb4 18. Rfd1 Qa5 19. Qe2 Nh5 20. Qd2 Nxg3 21.
fxg3 Rd8 22. Qf2 b6 23. g4 Ba6 24. e5 h6 25. Rac1 Rac8 26. g5 c5 27. dxc5
Rxd1+ 28. Rxd1 Qxc5 29. gxh6 Bxh6 30. g3 Be3 {#R} 0-1

[Event "ICA January Quads #1"]
[Site "Boise, ID"]
[Date "2007.01.17"]
[Round "3.2"]
[White "Myers, Hugh S"]
[Black "Fucsko, Janos"]
[Result "0-1"]
[WhiteElo "1679"]
[BlackElo "1778"]

1. e4 e5 2. f4 exf4 3. Nf3 d5 4. e5 Be7 5. d4 Bh4+ 6. Ke2 Bg4 7. Bxf4 Nc6 8.
c3 Qd7 9. Nbd2 O-O-O 10. g3 Be7 11. h3 Bh5 12. g4 Bg6 13. Kf2 h5 14. g5 f6 15.
h4 Bf5 16. Rg1 Bg4 17. Qe1 Re8 18. Bb5 a6 19. Bxc6 Qxc6 20. Nh2 fxg5 21. Bxg5
Bxg5 22. hxg5 Qe6 23. Nxg4 Qf5+ 24. Ke2 hxg4 25. Kd1 Qxg5 26. Qg3 Nh6 27. Rc1
Nf5 28. Nf3 Ne3+ 29. Ke2 gxf3+ 30. Qxf3 Rh2+ 31. Kd3 Ng2 32. Rcf1 Qg6+ 33.
Qf5+ Qxf5+ 34. Rxf5 Rh3+ 35. Ke2 Rg3 36. Rf7 Nf4+ 37. Kf2 Rxg1 38. Kxg1 Nh5
39. Kg2 Kd8 40. Kh3 Re7 41. Rf8+ Kd7 42. Kg4 g6 43. Kg5 Re6 44. Rf7+ Kc6 45.
a4 Ng3 46. Rf3 Ne4+ 47. Kg4 g5 48. b3 Rh6 49. Kf5 Rh8 50. c4 Rf8+ 51. Kg4 Rxf3
52. Kxf3 Nd2+ 53. Kg4 dxc4 54. bxc4 Nxc4 55. Kxg5 b5 56. axb5+ axb5 57. Kf6 b4
58. e6 Nd6 59. Ke5 b3 60. d5+ Kc5 {#R} 0-1

[Event "Idaho Closed"]
[Site "Boise, ID"]
[Date "2007.02.17"]
[Round "1.8"]
[White "Daptardar, Soham Virendra"]
[Black "Fucsko, Janos"]
[Result "1/2-1/2"]
[WhiteElo "855"]
[BlackElo "1779"]

1. c3 c5 2. Nf3 Nf6 3. d4 e6 4. e3 d5 5. Bd3 Nc6 6. O-O Qc7 7. Nbd2 c4 8. Bc2
Bd6 9. h3 O-O 10. Re1 e5 11. dxe5 Nxe5 12. e4 Be6 13. Nxe5 Bxe5 14. exd5 Bxd5
15. Nf3 Rfe8 16. Nxe5 Rxe5 17. Rxe5 Qxe5 18. Be3 Bc6 19. Qd4 Qe6 20. b3 b5 21.
bxc4 bxc4 22. Rb1 Nd7 23. Rb4 Nb6 24. Qh4 h6 25. Bxb6 Qe1+ 26. Kh2 axb6 27.
Rxb6 Qxc3 28. Rxc6 Qxc2 29. Rxc4 Qxa2 30. Rg4 Qd2 31. Qg3 Qb2 32. Qh4 Ra6 33.
Qd8+ Kh7 34. Qd3+ Rg6 35. h4 Qe5+ 36. Qg3 Re6 37. Qxe5 Rxe5 38. Rf4 Kg6 39.
Kg3 f5 40. Kh3 h5 41. f3 Re3 42. Kg3 Re2 43. Kh3 Rf2 44. Kg3 Re2 45. Kh3 Re3
46. Kg3 Rd3 47. Kh3 Kf6 48. Kg3 Rd1 49. Kf2 Ke5 50. Kg3 Rd6 51. Ra4 Rg6+ 52.
Kf2 Rb6 53. Kg3 Rb2 54. Ra5+ Kf6 55. Ra6+ Kf7 56. Ra7+ Kg6 57. Ra6+ Kh7 58.
Kf4 Rxg2 59. Kxf5 Rg3 60. Kf4 Rh3 61. Kg5 Rxf3 62. Kxh5 Rg3 63. Ra7 Rb3 64.
Rc7 Rb5+ 65. Kg4 Kh6 66. Rc4 g6 67. Rc6 Rb4+ 68. Kg3 Rb1 69. Kg4 Rg1+ 70. Kh3
Kh5 71. Rc5+ Kh6 72. Rc6 Kg7 73. Kh2 Rg4 74. Kh3 Rd4 75. Rc7+ Kh6 76. Rc6 Kh5
77. Rc5+ Kh6 78. Rc6 Rd1 79. Kg4 Rg1+ 80. Kh3 Kh5 81. Rc5+ Kh6 {#d} 1/2-1/2

[Event "Idaho Closed"]
[Site "Boise, ID"]
[Date "2007.02.17"]
[Round "2.10"]
[White "Fucsko, Janos"]
[Black "Hatch, Rich"]
[Result "1-0"]
[WhiteElo "1779"]
[BlackElo "922"]

1. Nf3 Nc6 2. e4 e5 3. Bb5 a6 4. Ba4 Nf6 5. O-O b5 6. Bb3 Bc5 7. Ng5 d5 8.
exd5 Nxd5 9. Qf3 Be6 10. Nxe6 fxe6 11. c3 Qf6 12. Bxd5 exd5 13. Qxd5 Bb6 14.
d4 Rd8 15. Qe4 O-O 16. h4 exd4 17. Bg5 Rde8 18. Qxe8 Rxe8 19. Bxf6 gxf6 20.
cxd4 Bxd4 21. Nc3 Ne7 22. Rad1 c5 23. Rfe1 Kf7 24. Ne4 Nf5 25. g4 Nxh4 26.
Nd6+ Kf8 27. Rxe8+ Kg7 28. b4 Nf3+ 29. Kg2 Ne5 30. Nf5+ Kf7 31. Re7+ Kf8 32.
bxc5 Ng6 33. Rxh7 Ke8 34. Rxd4 Ne5 35. Re7+ {#r} 1-0

[Event "Idaho Closed"]
[Site "Boise, ID"]
[Date "2007.02.18"]
[Round "3.5"]
[White "Stark, Jim"]
[Black "Fucsko, Janos"]
[Result "1/2-1/2"]
[WhiteElo "1454"]
[BlackElo "1779"]

1. d4 Nf6 2. c4 e5 3. e3 Bb4+ 4. Bd2 Bxd2+ 5. Nxd2 exd4 6. exd4 O-O 7. Be2 Nc6
8. Ngf3 d6 9. h3 Bf5 10. a3 Re8 11. O-O Qc8 12. d5 Ne7 13. Nh2 Ng6 14. Bg4
Nxg4 15. Nxg4 Nf4 16. Ne3 Bg6 17. Qf3 Nd3 18. b4 a5 19. b5 f5 20. Nc2 Ne5 21.
Qf4 Nd3 22. Qf3 Ne5 23. Qf4 c6 24. bxc6 bxc6 25. Nd4 cxd5 26. cxd5 Qd7 27. Ne6
Ra7 28. Qd4 Bf7 29. Ng5 h6 30. Nxf7 Nxf7 31. Rfe1 Re7 32. Nc4 Ra6 33. Qd2
Rxe1+ 34. Rxe1 a4 35. Qe3 Ra7 36. Qe8+ {#d} 1/2-1/2

[Event "Idaho Closed"]
[Site "Boise, ID"]
[Date "2007.02.18"]
[Round "4.5"]
[White "Fucsko, Janos"]
[Black "Nahlen, John P"]
[Result "1-0"]
[WhiteElo "1779"]
[BlackElo "1388"]

1. Nf3 d5 2. e4 dxe4 3. Ng5 Nf6 4. Nc3 e6 5. Ngxe4 Nc6 6. Bb5 Bd7 7. O-O a6 8.
Be2 Nd4 9. d3 Bc6 10. Bg5 Be7 11. Be3 Nf5 12. Nxf6+ Bxf6 13. Bf3 Qd7 14. Rb1
g5 15. Ne4 Qe7 16. Nxf6+ Qxf6 17. Bxc6+ bxc6 18. Qf3 O-O 19. g4 Qg6 20. gxf5
exf5 21. Bd4 h5 22. h4 Kh7 23. Kh1 Rad8 24. Bc3 f6 25. Rg1 Rd5 26. Rbe1 Rg8
27. Re7+ Kh6 28. Bd2 f4 29. Bxf4 Rf5 30. hxg5+ fxg5 31. Bxg5+ Rxg5 32. Rxg5
Qxg5 33. Qe3 Qxe3 34. fxe3 Kg5 35. Rxc7 Kg4 36. Kg2 h4 37. Rh7 Rb8 38. Rg7+
Kf5 39. b3 Re8 40. Kf3 Rh8 41. e4+ Ke5 42. c3 c5 43. Rg5+ Kd6 44. Rg1 Rf8+ 45.
Ke3 h3 46. Rh1 Rh8 47. Rh2 a5 48. d4 Rh5 49. e5+ Kd5 50. c4+ Ke6 51. dxc5 Kxe5
52. a3 Ke6 53. b4 Kd7 54. Kd3 Kc6 55. Kc3 a4 56. Kd3 Rh4 57. Kc3 Rh5 58. Kd4
Rh4+ 59. Ke5 Rh5+ 60. Kf4 Rh4+ 61. Kg3 Rxc4 62. Rxh3 Rc3+ 63. Kg4 Rc1 64. Kf4
Rd1 65. Ke4 Kb5 66. Rd3 Re1+ 67. Kd4 Re8 68. Kc3 Re6 69. Rd6 Rxd6 70. cxd6 Kc6
71. Kc4 Kxd6 72. Kb5 Kc7 73. Kxa4 Kb6 74. Kb3 Kb5 75. a4+ Kb6 76. Kc4 Kc6 77.
a5 Kb7 78. Kc5 Ka6 79. Kc6 Ka7 80. b5 Kb8 81. b6 Kc8 82. b7+ Kb8 83. a6 Ka7
84. Kc7 Kxa6 85. b8=Q Ka5 86. Qb3 Ka6 87. Qb6# 1-0

[Event "Idaho Closed"]
[Site "Boise, ID"]
[Date "2007.02.19"]
[Round "5.4"]
[White "Blackwell, Charles"]
[Black "Fucsko, Janos"]
[Result "1-0"]
[WhiteElo "1444"]
[BlackElo "1779"]

1. e4 c5 2. Nf3 Nc6 3. d4 cxd4 4. Nxd4 Nf6 5. Nc3 e5 6. Ndb5 d6 7. Bg5 a6 8.
Bxf6 gxf6 9. Na3 b5 10. Nd5 f5 11. exf5 Bxf5 12. Qd2 Ne7 13. Nf6# 1-0

[Event "Idaho Closed"]
[Site "Boise, ID"]
[Date "2007.02.19"]
[Round "6.5"]
[White "Fucsko, Janos"]
[Black "Powers, Bobby C"]
[Result "0-1"]
[WhiteElo "1779"]
[BlackElo "1716"]

1. Nf3 Nc6 2. d4 d5 3. c4 g6 4. Nc3 Nf6 5. cxd5 Nxd5 6. e4 Nxc3 7. bxc3 Bg7 8.
h3 O-O 9. Bf4 a6 10. a4 e6 11. Bc4 Na5 12. Ba2 c5 13. O-O cxd4 14. cxd4 Nc6
15. e5 b5 16. d5 exd5 17. Bxd5 Bd7 18. Rc1 Rc8 19. axb5 axb5 20. Re1 Nb4 21.
Rxc8 Qxc8 22. Bb3 Bf5 23. Bg5 Nd3 24. Re3 Nb2 25. Qd4 Nc4 26. Bxc4 Qxc4 27.
Qb2 Re8 28. Nd2 Qd5 29. Bf6 Bh6 30. Re2 Bd3 31. Re1 Rc8 32. Qb4 Qc5 33. Qxc5
Rxc5 34. Ra1 Rc8 35. Nb3 Bg7 36. Rc1 Rxc1+ 37. Nxc1 Bc4 38. f4 Bxf6 39. exf6
b4 40. Kf2 b3 41. Nxb3 Bxb3 42. g4 Kf8 43. h4 Ke8 44. g5 Bc2 45. Ke3 Kd7 46.
Kd2 Bb1 47. Ke3 Ke6 48. Kd4 Kf5 49. Kd5 Kxf4 50. Kd6 Kg4 51. Ke7 Ba2 52. Kf8
Kxh4 {#R} 0-1

[Event "EIO (Open)"]
[Site "Pocatello, ID"]
[Date "2007.10.06"]
[Round "1.3"]
[White "Fucsko, Janos"]
[Black "Vander Sys, Sean R"]
[Result "1-0"]
[WhiteElo "1739"]
[BlackElo "1539"]

1. Nf3 d5 2. e4 dxe4 3. Ng5 Nf6 4. Nc3 Qd4 5. d3 exd3 6. Be3 Qb4 7. Qxd3 Bd7
8. O-O-O h6 9. a3 Qa5 10. Nf3 e6 11. Bd4 Be7 12. Ne5 O-O 13. f4 c5 14. Nc4 Qa6
15. Be5 Bc6 16. Qg3 b5 17. Nd6 c4 18. Be2 Nbd7 19. f5 Nxe5 20. Qxe5 Nd7 21.
Qg3 Bf6 22. fxe6 fxe6 23. Bg4 e5 24. Be6+ Kh8 25. Qg6 Bg5+ 26. Kb1 Nf6 27.
Nf7+ Rxf7 28. Bxf7 Rb8 29. Nd5 Bxd5 30. Rxd5 b4 31. Rhd1 Qb6 32. Rd6 Qc7 33.
axb4 Ng4 34. Rd7 Qb6 35. Be6 Bf6 36. Qxg4 Qxb4 37. b3 Qa3 38. Qxc4 e4 39. c3
a5 40. R1d2 Bg5 41. Rc2 a4 42. b4 {#r} 1-0

[Event "EIO (Open)"]
[Site "Pocatello, ID"]
[Date "2007.10.06"]
[Round "2.3"]
[White "Harmon-Vellotti, Luke"]
[Black "Fucsko, Janos"]
[Result "1/2-1/2"]
[WhiteElo "1667"]
[BlackElo "1739"]

1. e4 e5 2. Nf3 Nf6 3. d4 Nxe4 4. Nxe5 d5 5. Bd3 Be7 6. O-O O-O 7. Nd2 Nxd2 8.
Bxd2 Nd7 9. Nxd7 Bxd7 10. Qf3 Be6 11. Rfe1 Qd7 12. h3 Bd6 13. Re2 c6 14. Rae1
Qc7 15. Qh5 g6 16. Qf3 Rfe8 17. Bh6 Bf8 18. Bxf8 Rxf8 19. Re5 Rae8 20. c3 Qc8
21. Qe3 Kg7 22. f4 Bd7 23. Qf2 f6 24. Re7+ Rxe7 25. Rxe7+ Rf7 26. Rxf7+ Kxf7
27. Qh4 Kg7 {#d} 1/2-1/2

[Event "EIO (Open)"]
[Site "Pocatello, ID"]
[Date "2007.10.06"]
[Round "3.3"]
[White "Fucsko, Janos"]
[Black "Roland, Jeffrey T"]
[Result "1-0"]
[WhiteElo "1739"]
[BlackElo "1709"]

1. Nf3 Nf6 2. c4 g6 3. g3 Bg7 4. Nc3 c5 5. e4 e6 6. Bg2 O-O 7. O-O Nc6 8. Re1
d5 9. cxd5 exd5 10. exd5 Nxd5 11. Qb3 Nb6 12. a3 a6 13. d3 Na5 14. Qd1 Be6 15.
Bg5 Qd7 16. Be3 Nb3 17. Rb1 Nd4 18. Ne4 Rac8 19. Bh6 f6 20. Nxd4 cxd4 21. Bxg7
Kxg7 22. b4 Na4 23. Nc5 Nxc5 24. bxc5 Bd5 25. Bxd5 Qxd5 26. Re7+ Rf7 27. Rbxb7
Rxe7 28. Rxe7+ Kg8 29. Qa4 Qd8 30. Qc4+ {#r} 1-0

[Event "EIO (Open)"]
[Site "Pocatello, ID"]
[Date "2007.10.07"]
[Round "4.1"]
[White "Morrow, Hans M"]
[Black "Fucsko, Janos"]
[Result "1-0"]
[WhiteElo "1900"]
[BlackElo "1739"]

1. e4 e5 2. Nf3 Nf6 3. Nc3 Nc6 4. d3 Bc5 5. h3 O-O 6. Bg5 Bb4 7. Be2 h6 8. Bh4
d6 9. O-O Bxc3 10. bxc3 Re8 11. Nh2 g5 12. Bg3 Kg7 13. h4 Nh7 14. hxg5 hxg5
15. f3 f5 16. a4 f4 17. Bf2 b6 18. d4 a6 19. Bc4 Nf6 20. Bd5 Nxd5 21. exd5 Ne7
22. dxe5 dxe5 23. c4 Bf5 24. Re1 Ng6 25. Ng4 Bxg4 26. fxg4 Qd6 27. Qd3 Qd7 28.
Qf3 Rh8 29. a5 b5 30. c5 Rad8 31. Rad1 Rhe8 32. d6 c6 33. Re4 Re6 34. c4 Rb8
35. Rde1 Kf6 36. g3 Rbe8 37. cxb5 axb5 38. a6 Ra8 39. Ra1 Ree8 40. gxf4 gxf4
41. Qh3 Kg7 42. Qf3 Ra7 43. Re2 Qc8 44. Rea2 Qd7 45. Kg2 e4 46. Bd4+ Kf7 47.
Qh3 Rg8 48. Qh7+ Kf8 49. Qxd7 Rxd7 50. a7 Nh4+ 51. Kh3 {#r} 1-0

[Event "EIO (Open)"]
[Site "Pocatello, ID"]
[Date "2007.10.07"]
[Round "5.2"]
[White "Fucsko, Janos"]
[Black "Watts, Victor G"]
[Result "0-1"]
[WhiteElo "1739"]
[BlackElo "1663"]

1. Nf3 b6 2. g3 Bb7 3. Bg2 e5 4. d3 h5 5. h4 d6 6. e4 Be7 7. Be3 Nc6 8. a3 Bf6
9. c3 Nh6 10. Nh2 Bc8 11. Qxh5 Na5 12. Qd1 Be6 13. Nd2 Qd7 14. b4 Nb7 15. d4
d5 16. dxe5 Bxe5 17. Rc1 f6 18. Bxh6 Rxh6 19. f4 Bd6 20. exd5 Bh3 21. Qe2+ Kf8
22. Bxh3 Qxh3 23. Kf2 Bxf4 24. gxf4 Qxh4+ 25. Ke3 Re8+ 26. Ne4 Nd6 27. Qg4
Rxe4+ 28. Kf3 f5 29. Qg5 Qh3+ 30. Kf2 Qe3+ 31. Kg2 Qd2+ 32. Kg3 Re3+ 33. Nf3
Ne4# 0-1

[Event "Idaho Open"]
[Site "Boise, ID"]
[Date "2016.06.18"]
[Round "1.6"]
[White "Liu, James"]
[Black "Fucsko, Janos"]
[Result "0-1"]
[WhiteElo "1323"]
[BlackElo "1753"]
[EventRounds "5"]
[EventCountry "USA"]

1. d4 Nf6 2. c4 e5 3. Nc3 exd4 4. Qxd4 Nc6 5. Qd1 Bc5 6. Bg5 Bxf2+ 7. Kd2 O-O
8. e3 Bxg1 9. Rxg1 h6 10. Bh4 Ne4+ 11. Nxe4 Qxh4 12. h3 Qxe4 13. Bd3 Qe5 14.
Qc2 Nb4 15. Qc3 Qxc3+ 16. Kxc3 Nxd3 17. Kxd3 d6 18. Rgf1 Be6 19. e4 f5 20.
exf5 Bxf5+ 21. Kd4 Be6 22. Rfe1 Rf4+ 23. Kd3 Bxc4+ 24. Kc3 b5 25. a4 c6 26.
axb5 cxb5 27. Ra6 b4+ {#R} 0-1

[Event "Idaho Open"]
[Site "Boise, ID"]
[Date "2016.06.18"]
[Round "2.5"]
[White "Fucsko, Janos"]
[Black "Gagnon, William"]
[Result "1/2-1/2"]
[WhiteElo "1753"]
[BlackElo "1600"]
[EventRounds "5"]
[EventCountry "USA"]

1. Nf3 d5 2. e4 dxe4 3. Ng5 Nf6 4. Nc3 Bf5 5. Bc4 e6 6. f3 e3 7. d4 h6 8. Nge4
Bb4 9. Nxf6+ Qxf6 10. Bxe3 Nd7 11. O-O O-O 12. Ne2 Nb6 13. Bb3 Rad8 14. c3 Be7
15. Ng3 c5 16. Nxf5 Qxf5 17. Bc2 Qf6 18. Qe2 Rc8 19. dxc5 Bxc5 20. Bxc5 Rxc5
21. Qe4 g6 22. Qxb7 Nd5 23. Qxa7 Rc7 24. Qf2 Rb8 25. Be4 Rcb7 26. Bxd5 Rxb2
27. Qe3 exd5 28. a4 Rc2 29. Rfc1 Rbb2 30. Rxc2 Rxc2 31. Rc1 Rxc1+ 32. Qxc1
Qb6+ 33. Kf1 Qa6+ 34. Kf2 Qxa4 35. Qd2 Qc4 36. g3 Kg7 37. Ke3 f6 38. Qd4 Qc6
39. Qa7+ Kg8 40. Qb8+ Kg7 41. Qa7+ Kg8 42. Qb8+ Kg7 43. Qa7+ {#d} 1/2-1/2

[Event "Idaho Open"]
[Site "Boise, ID"]
[Date "2016.06.18"]
[Round "3.4"]
[White "Booth, Tom R"]
[Black "Fucsko, Janos"]
[Result "0-1"]
[WhiteElo "1500"]
[BlackElo "1753"]
[EventRounds "5"]
[EventCountry "USA"]

1. d4 Nf6 2. c4 e5 3. e3 Bb4+ 4. Bd2 Bxd2+ 5. Qxd2 exd4 6. exd4 O-O 7. Be2 d5
8. Nf3 dxc4 9. Nc3 Re8 10. O-O Bg4 11. h3 Bxf3 12. Bxf3 c6 13. d5 cxd5 14.
Bxd5 Nc6 15. Rad1 Nxd5 16. Qxd5 Qh4 17. Rde1 Red8 18. Qf3 Rd4 19. Re3 g6 20.
Rfe1 Kg7 21. Re4 Rxe4 22. Rxe4 Qg5 23. Ne2 Rd8 24. Qc3+ Qf6 25. Qxf6+ Kxf6 26.
Rxc4 Rd2 27. Ng3 Rxb2 28. Rf4+ Ke6 29. a3 Rb1+ 30. Kh2 Rb3 31. a4 Rb4 32. Rf3
Rxa4 33. Rb3 b6 34. Rc3 Kd5 35. f3 f5 36. Ne2 a5 37. Rd3+ Ke6 38. Re3+ Kd5 39.
Nc3+ Kd4 40. Nxa4 Kxe3 41. Nxb6 Kd4 42. Kg3 Kc5 43. Na4+ Kb4 44. Nb6 a4 45.
Nxa4 Kxa4 46. Kf4 h6 47. g4 fxg4 48. fxg4 Kb4 49. h4 Kc4 50. h5 gxh5 51. gxh5
Kd5 52. Kf5 Ne5 53. Kf6 Ke4 54. Kg7 Ng4 55. Kh7 Kf5 56. Kg7 Kg5 {#R} 0-1